000
00201nam a2200109Ia 4500
100
_a
#N/A
942
_c
BK
654
_a
pc
245
_a
Maintaining your PC
260
_b
#N/A
_c
2001
546
_a
ENGLISH
999
_c
28416
_d
28416